Численное исследование теплообмена тепловыделяющей жидкости с учетом плавления и затвердевания в зависимости от чисел Остроградского и Релея (Запись № 880145)

Подробности
000 -МАРКЕР
контрольное поле 02013nam0a2200385 4500
001 - ИДЕНТИФИКАТОР ЗАПИСИ
контрольное поле RU\NLR\bibl\156297
005 - ИДЕНТИФИКАТОР ВЕРСИИ
контрольное поле 20250618052326.0
035 ## - ДРУГИЕ СИСТЕМНЫЕ НОМЕРА
Идентификатор записи (NLR Aleph) 000153280
100 ## - ДАННЫЕ ОБЩЕЙ ОБРАБОТКИ
Данные общей обработки 20010518d1995 |||y0rusy50 ca
101 0# - ЯЗЫК РЕСУРСА
Язык текста, звукозаписи и т.д. русский
Язык резюме английский
Язык оглавления английский
102 ## - СТРАНА ПУБЛИКАЦИИ ИЛИ ПРОИЗВОДСТВА
Страна публикации Российская Федерация
105 ## - ПОЛЕ КОДИРОВАННЫХ ДАННЫХ: ТЕКСТОВЫЕ МАТЕРИАЛЫ, МОНОГРАФИЧЕСКИЕ
Кодированные данные о монографическом текстовом документе a |||||||||
200 1# - ЗАГЛАВИЕ И СВЕДЕНИЯ ОБ ОТВЕТСТВЕННОСТИ
Основное заглавие Численное исследование теплообмена тепловыделяющей жидкости с учетом плавления и затвердевания в зависимости от чисел Остроградского и Релея
Первые сведения об ответственности А.Е. Аксенова, П.Н. Вабищевич, В.В. Чуданов
210 ## - ПУБЛИКАЦИЯ, РАСПРОСТРАНЕНИЕ И ДР.
Место издания, распространения и т.д. М.
Имя издателя, распространителя и т. д. ИБРАЭ
Дата издания, распространения и т.д. 1995
215 ## - ФИЗИЧЕСКАЯ ХАРАКТЕРИСТИКА
Специфическое обозначение материала и объем 25 с.
Другие сведения о физической характеристике граф.
Размеры 29
225 1# - СЕРИЯ
Основное заглавие серии Препринт
Сведения об ответственности Рос. Акад. наук, Ин-т пробл. безопас. развития атом. энергетики
Обозначение тома N IBRAE-95-01
300 ## - ОБЩИЕ ПРИМЕЧАНИЯ
Текст примечания Рез. на англ. яз.
320 ## - ПРИМЕЧАНИЯ О НАЛИЧИИ В ДОКУМЕНТЕ БИБЛИОГРАФИИ / УКАЗАТЕЛЯ
Текст примечания Библиогр.: с.24-25
606 0# - НАИМЕНОВАНИЕ ТЕМЫ КАК ПРЕДМЕТ
Наименование темы Жидкости
Тематический подзаголовок Тепловая конвекция
-- Исследование
-- Численные методы
Системный номер авторитетной/нормативной записи 2229688
Идентификатор авторитетной/нормативной записи RU\NLR\auth\661338335
606 1# - НАИМЕНОВАНИЕ ТЕМЫ КАК ПРЕДМЕТ
Наименование темы Жидкости
Тематический подзаголовок Конвективный теплообмен
-- Математические исследования
Системный номер авторитетной/нормативной записи 2476454
Идентификатор авторитетной/нормативной записи RU\NLR\auth\661470429
606 0# - НАИМЕНОВАНИЕ ТЕМЫ КАК ПРЕДМЕТ
Наименование темы Атомные электрические станции
Тематический подзаголовок Аварии с расплавлением
Системный номер авторитетной/нормативной записи 2111973
Идентификатор авторитетной/нормативной записи RU\NLR\auth\661276308
606 1# - НАИМЕНОВАНИЕ ТЕМЫ КАК ПРЕДМЕТ
Наименование темы Атомные электростанции
Тематический подзаголовок Аварии с расплавлением
Системный номер авторитетной/нормативной записи 2554397
Идентификатор авторитетной/нормативной записи RU\NLR\auth\661511356
686 ## - ИНДЕКСЫ ДРУГИХ КЛАССИФИКАЦИЙ
Индекс З312.410.4с116
686 ## - ИНДЕКСЫ ДРУГИХ КЛАССИФИКАЦИЙ
Индекс З47-022.13
700 #1 - ИМЯ ЛИЦА - ПЕРВИЧНАЯ ОТВЕТСТВЕННОСТЬ
Начальный элемент ввода Аксенова
Часть имени, кроме начального элемента ввода А. Е.
Код отношения Автор
701 #1 - ИМЯ ЛИЦА - АЛЬТЕРНАТИВНАЯ ОТВЕТСТВЕННОСТЬ
Начальный элемент ввода Вабищев
Часть имени, кроме начального элемента ввода П. Н.
Код отношения Автор
701 #1 - ИМЯ ЛИЦА - АЛЬТЕРНАТИВНАЯ ОТВЕТСТВЕННОСТЬ
Начальный элемент ввода Чуданов
Часть имени, кроме начального элемента ввода В. В.
Код отношения Автор
801 #0 - ИСТОЧНИК ЗАПИСИ
Страна Российская Федерация
Организация NLR
Дата составления 20010518
Правила каталогизации PSBO
801 #1 - ИСТОЧНИК ЗАПИСИ
Страна Российская Федерация
Организация NLR
Дата составления 20010518
852 ## - МЕСТОНАХОЖДЕНИЕ И ШИФР ХРАНЕНИЯ
Идентификатор организации NLR
Шифр хранения (Call Number) 99-8/2721
942 ## - ДОПОЛНИТЕЛЬНЫЕ ЭЛЕМЕНТЫ ЗАПИСИ (АБИС)
Тип экземпляра АБИС Книга
980 ## - КОЛЛЕКЦИЯ
Название коллекции Национальная библиография
Экземпляры
Тип экземпляра Дата поступления Библиотека постоянного хранения Библиотека текущего хранения Место хранения Шифр хранения Штрих-код Статус экземпляра
Книга 26.10.2013 РНБ (Московский) РНБ (Московский) Русский книжный фонд: издания с 1957 года 99-8/2721 153280-10